000
00354nam a2200157Ia 4500
008
210716s1991 xx 000 0 und d
020
_a
0061099260
041
_a
eng
082
_a
808.83 KANC
100
_a
Kane, Carol.
245
_a
Diva.
250
_a
1
260
_a
New York
_b
Harper Collins Publisher
_c
1991
300
_a
615
650
_a
Novels
999
_c
200362
_d
200362